| 000 | 00969 a2200193 4500 | ||
|---|---|---|---|
| 001 | 3346 | ||
| 005 | 20260407155427.0 | ||
| 008 | 260407a1979 arg spa d | ||
| 003 | AR-UNSa-BCEJYS | ||
| 040 |
_aAR-UNSa-BCEJYS _bspa _cAR-UNSa-BCEJYS |
||
| 080 |
_a347.7 _xDerecho Mercantil. Derecho Comercial |
||
| 245 | 1 | 0 |
_aManual de derecho comercial _pParte general |
| 264 | 1 |
_aBuenos Aires : _bAstrea _c1979 |
|
| 300 |
_axxxi, 581 p. _c23 cm. |
||
| 505 | _a1. Antecedentes históricos - 2. Definición, contenido y caracteres del actual derecho comercial - 3. El comerciante - 4. El estatuto del empresario individual - 5. El acto de comercio - 6. Estatutos especiales de otros comerciantes y auxiliares de comercio - 7. La empresa - 8. La organización del empresario - 9. Procedimientos y organización judicial y administrativa vinculados a la industria y el comercio | ||
| 942 | _cBK | ||
| 590 | _aniveau_biblio:m niveau_hierar:0 | ||
| 100 | 1 | _aEtcheverry, Raúl Aníbal | |
| 999 |
_c315 _d315 |
||